| 000 | 005680000a22001810004500 | ||
|---|---|---|---|
| 003 | MACL | ||
| 005 | 20160403162024.0 | ||
| 008 | 160403b xxu||||| |||| 00| 0 eng d | ||
| 040 |
_aMACL _cMACL |
||
| 041 | _aHindi | ||
| 082 | _a370 | ||
| 100 |
_aश्री सतबीर सिंह _950426 |
||
| 245 | _aशिक्षा के दर्शनिक परिपेक्ष्य | ||
| 260 |
_bआविष्कार प्रकाशन _c2006 _aदिल्ली |
||
| 350 | _a250 | ||
| 650 |
_aEducation _950427 |
||
| 942 |
_cHIN _k370 _2ddc |
||
| 999 |
_c21875 _d21875 |
||